000 00870nas a2200289 4500
001 BR2012004309
003 BR-BrBNA
005 20231205120729.0
007 ta
008 230509b bl.|||p| |||| 00| 00por d
040 _aBR-BrBNA
_bpor
_cBiblioteca Nacional de Agricultura
041 _a(Pt)
072 _aN20
100 1 _aTrogello, E.
100 1 _aModolo, A.J.
100 1 _aCarnieletto, R.
100 1 _aKolling, E.M.
100 1 _aScarsi, M.
100 1 _aSgarbossa, M.
245 1 _aDesenvolvimento inicial e produtividade da cultura do milho no sistema de integração lavoura-pecuária
650 _aMILHO
650 _aSEMEADURA MECÂNICA
650 _aRENDIMENTO
773 0 _tRevista Ceres (Brazil)
_xISSN 0034-737X
_g(Mar-Apr 2012), v. 59(2) p. 286-291
_wBR2012004309
909 _a202311
_bLúcia
_c55
_dLúcia Elande
942 _2AGRIS
_n0
_cANA
999 _c220005
_d220005